Statistics for Famous Classical Music - The Virtuosos

Click here to take the quiz!

General Stats

  • This quiz has been taken 66 times
  • The average score is 9 of 12

Answer Stats

HintAnswer% Correct
Most famous one in its series, widely used in animated cartoonsHungarian R{hapsody} No. 2
98%
This E-flat major piece is the most recognizable in this 'night music' collectionN{octurne} Op. 9 No. 2
98%
A piano etude based on a violin concerto by Paganini, literally meaning "the little bell"Grandes Études de Paganini No. 3 "La C{ampanella}"
91%
The third one is the most famous, literally meaning "dreams of love"
(guess the German word for 'love')
{Liebe}sträume
91%
A horrendously difficult set of pieces for the violin, with the last one being famously challenging
24 C{aprices} for Solo Violin
87%
Etude Op. 10 No. 5 "B{lack} Keys"
87%
Etude Op. 25 No. 11 "W{inter} Wind"
78%
Etude Op. 10 No. 12 "R{evolutionary}"
67%
Etude Op. 25 No. 5 "W{rong} Notes"
56%
Also known as "The Little Dog Waltz"Waltz Op. 64 No. 1 "{Minute}"
56%
Famous etudesEtude Op. 10 No. 4 "T{orrent}"
50%
A piano study collection training pianists' rapidnessThe School of V{elocity}
41%

Score Distribution

Percentile by Number Answered

Percent of People with Each Score

Your Score History

You have not taken this quiz